| 000 | 00468nam a2200169 i 4500 | ||
|---|---|---|---|
| 001 | 80941 | ||
| 003 | ES-MaACL | ||
| 005 | 20230906174331.0 | ||
| 007 | t| | ||
| 008 | 041102q19601969zzz ||||1| spa d | ||
| 100 | 1 |
_aHoward, William E. _964388 |
|
| 245 | 1 | 0 |
_aDestino la luna / _cWilliam E. Howard. |
| 260 |
_a[S.l. : _bs.n., _c196-?] |
||
| 300 |
_a92 p., 32 lám. : _bil. ; _c27 cm. |
||
| 852 |
_aES-MaACL _jC-36411 _bR.66335 |
||
| 852 |
_aES-MaACL _jC-36386 _bR.68588 |
||
| 999 |
_c80941 _d80941 |
||